000 00641na a2200241 4500
001 19209
003 MIRAKIL
005 20181213155057.0
008 161210b tu 000 0
020 _a9751004926
040 _aMilas
_btur
_cTR-AnCHP
041 _atur
082 _a378.12
_bA67b 1992
090 _a378.12 A67b 1992
100 _aArsel, İlhan
245 _aBiz profesörler
_cİlhan Arsel
260 _aİstanbul
_bİnkılap Kitabevi
_c1992
300 _aviii, 223 s.
_c23 sm.
504 _aKaynakça var.
650 _aAkademisyenler
650 _aYüksek eğitim
_xÖğretim üyeleri
_zTürkiye
942 _2ddc
_cBKS
999 _c6119
_d6119